[Event "FRA-chT"]
[Site "France"]
[Date "1999.??.??"]
[Round "4"]
[White "Karr, Jean Philippe"]
[Black "Ochoa de Echaguen, Francisco Javier"]
[Result "1/2-1/2"]
[WhiteElo "2347"]
[BlackElo "2435"]
[PlyCount "39"]
[EventDate "1999.02.??"]
[EventType "team"]
[EventRounds "11"]
[EventCountry "FRA"]
[SourceTitle "EXT 2000"]
[Source "ChessBase"]
[SourceDate "1999.11.16"]
[SourceVersion "1"]
[SourceVersionDate "1999.11.16"]
[SourceQuality "1"]

1. d4 f5 2. Nc3 Nf6 3. Bg5 d5 4. Bxf6 exf6 5. e3 Be6 6. Qf3 Qd7 7. Bb5 Nc6 8. Nge2 a6 9. Ba4 b5 10. Bb3 Bb4 11. a3 Ba5 12. a4 Ne7 13. axb5 axb5 14. 0-0 0-0 15. Ra2 Bxc3 16. Nxc3 Rxa2 17. Nxa2 c6 18. Nb4 Ra8 19. Qg3 Nc8 20. c3 1/2-1/2

[Event "FRA-chT"]
[Site "France"]
[Date "1999.??.??"]
[Round "10"]
[White "Philippe, Christophe"]
[Black "Ochoa de Echaguen, Francisco Javier"]
[Result "0-1"]
[WhiteElo "2254"]
[BlackElo "2435"]
[PlyCount "76"]
[EventDate "1999.02.??"]
[EventType "team"]
[EventRounds "11"]
[EventCountry "FRA"]
[SourceTitle "EXT 2000"]
[Source "ChessBase"]
[SourceDate "1999.11.16"]
[SourceVersion "1"]
[SourceVersionDate "1999.11.16"]
[SourceQuality "1"]

1. e4 c5 2. Nf3 Nc6 3. Nc3 Nf6 4. d4 cxd4 5. Nxd4 e5 6. Ndb5 d6 7. Bg5 a6 8. Na3 b5 9. Bxf6 gxf6 10. Nd5 Bg7 11. c3 f5 12. exf5 Bxf5 13. Nc2 0-0 14. Nce3 Be6 15. g4 e4 16. Bg2 Qh4 17. Bxe4 f5 18. Bxf5 Bxf5 19. gxf5 Rae8 20. Qc2 b4 21. 0-0-0 bxc3 22. bxc3 Rc8 23. Rhg1 Kh8 24. Rg4 Qh6 25. Rdg1 Nd4 26. Qd3 Nxf5 27. f4 Nxe3 28. Qxe3 Rf7 29. R1g3 Qxh2 30. Qe6 Rcf8 31. Qxd6 Re8 32. Rg1 Qxa2 33. R4g2 Qa1+ 34. Kc2 Qa4+ 35. Kd2 Rd7 36. Qc5 Qxf4+ 37. Kd1 Qf3+ 38. Kc2 Rxd5 0-1

[Event "FRA-chT 9697 fin"]
[Site "Clichy"]
[Date "1997.05.01"]
[Round "8"]
[White "Ochoa de Echaguen, Francisco Javier"]
[Black "Prie, Eric"]
[Result "1/2-1/2"]
[WhiteElo "2440"]
[BlackElo "2470"]
[PlyCount "39"]
[EventDate "1997.??.??"]
[EventType "team"]
[EventRounds "4"]
[EventCountry "FRA"]
[SourceTitle "EXT 1999"]
[Source "ChessBase"]
[SourceDate "1998.11.16"]
[SourceVersion "1"]
[SourceVersionDate "1998.11.16"]
[SourceQuality "1"]

1. e4 d5 2. exd5 Qxd5 3. Nc3 Qa5 4. Bc4 Nf6 5. h3 c6 6. Qe2 Nbd7 7. d4 Nb6 8. Bb3 Nbd5 9. Bd2 Qd8 10. Nf3 e6 11. 0-0 Be7 12. Ne4 0-0 13. c4 Nxe4 14. Qxe4 Nf6 15. Qe2 b6 16. Bc2 Bb7 17. Bc3 c5 18. dxc5 Bxc5 19. Rad1 Qc7 20. Ne5 1/2-1/2

[Event "FRA-chTB 9697"]
[Site "France"]
[Date "1997.??.??"]
[Round "3"]
[White "Bacrot, Etienne"]
[Black "Ochoa de Echaguen, Francisco Javier"]
[Result "1/2-1/2"]
[WhiteElo "2500"]
[BlackElo "2440"]
[PlyCount "60"]
[EventDate "1997.??.??"]
[EventType "team"]
[EventRounds "7"]
[EventCountry "FRA"]
[SourceTitle "EXT 1999"]
[Source "ChessBase"]
[SourceDate "1998.11.16"]
[SourceVersion "1"]
[SourceVersionDate "1998.11.16"]
[SourceQuality "1"]

1. d4 f5 2. Nf3 Nf6 3. c4 g6 4. g3 Bg7 5. Bg2 0-0 6. 0-0 d6 7. Nc3 c6 8. d5 e5 9. dxe6 Bxe6 10. Qd3 Ng4 11. b3 Na6 12. Bb2 Qe7 13. e3 d5 14. cxd5 Nb4 15. Qe2 Nxd5 16. Na4 Nb6 17. Bxg7 Kxg7 18. Nd4 Nxa4 19. bxa4 Nf6 20. Nxe6+ Qxe6 21. Rab1 Rf7 22. Rfd1 Re8 23. Rb4 Ree7 24. Qb2 Rd7 25. Rxd7 Qxd7 26. Rd4 Qc7 27. e4 fxe4 28. Rxe4 Re7 29. Rxe7+ Qxe7 30. h4 h5 1/2-1/2

[Event "ESP-chT"]
[Site "Ponferrada"]
[Date "1997.??.??"]
[Round "2"]
[White "Lopez Colon, Francisco"]
[Black "Ochoa de Echaguen, Francisco Javier"]
[Result "0-1"]
[WhiteElo "2245"]
[BlackElo "2440"]
[PlyCount "116"]
[EventDate "1997.08.29"]
[EventType "team"]
[EventRounds "9"]
[EventCountry "ESP"]
[SourceTitle "CBM 060 Extra"]
[Source "ChessBase"]
[SourceDate "1997.11.04"]
[SourceVersion "1"]
[SourceVersionDate "1997.11.04"]
[SourceQuality "1"]

1. d4 f5 2. g3 Nf6 3. Bg2 g6 4. c3 Bg7 5. Qb3 c6 6. Nh3 Qb6 7. Nd2 Qxb3 8. axb3 Na6 9. Nc4 Nc7 10. Bf4 d6 11. 0-0 0-0 12. Ra2 h6 13. Bc1 g5 14. f4 g4 15. Nf2 Be6 16. Na5 Rab8 17. c4 d5 18. c5 Ne4 19. e3 h5 20. Re1 Bf6 21. Bf1 Kf7 22. Nxe4 fxe4 23. b4 a6 24. Nb3 Rh8 25. Bg2 Rh7 26. Ra1 Rbh8 27. Nd2 h4 28. Kf2 Bc8 29. Nb3 Ne6 30. Bd2 Ng7 31. Rh1 Nf5 32. Bc3 Ke8 33. Bd2 Kd8 34. Rac1 Rf7 35. Bc3 Ng7 36. Ke2 Nf5 37. Be1 hxg3 38. Bxg3 Rfh7 39. Kf2 Nh4 40. Nd2 Nf3 41. Nf1 Bh4 42. Bxh4 Rxh4 43. Kg3 R4h7 44. Ra1 Nh4 45. Re1 Kc7 46. Rc1 Nxg2 47. Kxg2 g3 48. h4 Rxh4 49. Rxh4 Rxh4 50. Kxg3 Rh3+ 51. Kf2 Bg4 52. Ke1 Rh1 53. Rc2 Bh3 54. Rf2 Kd7 55. Ke2 Ke6 56. Ke1 Kf5 57. Ke2 Kg4 58. Ke1 Bxf1 0-1

[Event "Barcelona op rap"]
[Site "Barcelona"]
[Date "1996.12.14"]
[Round "3"]
[White "Ruiz de la Cuesta B, Ramon"]
[Black "Ochoa de Echaguen, Francisco Javier"]
[Result "0-1"]
[WhiteElo "2210"]
[BlackElo "2435"]
[PlyCount "61"]
[EventDate "1996.12.??"]
[EventType "swiss (rapid)"]
[EventRounds "8"]
[EventCountry "ESP"]
[SourceTitle "EXT 2001"]
[Source "ChessBase"]
[SourceDate "2000.11.22"]
[SourceVersion "1"]
[SourceVersionDate "2000.11.22"]
[SourceQuality "1"]

1. d4 f5 2. Nf3 Nf6 3. g3 g6 4. Bg2 Bg7 5. 0-0 0-0 6. c4 d6 7. b3 c6 8. Bb2 Na6 9. Nbd2 Bd7 10. a3 b5 11. Qc2 Rb8 12. Bc3 Kh8 13. Rfe1 c5 14. d5 e5 15. dxe6 Bxe6 16. Ng5 Bc8 17. e4 f4 18. e5 Ng4 19. Ndf3 fxg3 20. fxg3 bxc4 21. bxc4 Bf5 22. Qa4 Qb6 23. Rac1 h6 24. Nh3 Nxe5 25. Nxe5 dxe5 26. Nf2 Nc7 27. g4 Be6 28. Be4 Bc8 29. Nd3 Qe6 30. Nxc5 Qxg4+ 31. Bg2 0-1

[Event "ESP-ch"]
[Site "Zamora"]
[Date "1996.??.??"]
[Round "6"]
[White "Comas Fabrego, Luis"]
[Black "Ochoa de Echaguen, Francisco Javier"]
[Result "1/2-1/2"]
[WhiteElo "2470"]
[BlackElo "2410"]
[PlyCount "50"]
[EventDate "1996.??.??"]
[EventType "swiss"]
[EventRounds "9"]
[EventCountry "ESP"]
[SourceTitle "EXT 2000"]
[Source "ChessBase"]
[SourceDate "1999.11.16"]
[SourceVersion "1"]
[SourceVersionDate "1999.11.16"]
[SourceQuality "1"]

1. e4 c5 2. Nc3 Nc6 3. g3 g6 4. Bg2 Bg7 5. d3 d6 6. Nf3 e6 7. 0-0 Nge7 8. Be3 Nd4 9. Rb1 0-0 10. Ne2 Nxf3+ 11. Bxf3 b6 12. Bg2 Bb7 13. c4 e5 14. a3 Nc6 15. Nc3 Nd4 16. b4 Qd7 17. a4 f5 18. exf5 Bxg2 19. Kxg2 cxb4 20. Rxb4 Nc6 21. Rb5 gxf5 22. Nd5 Rae8 23. f4 e4 24. d4 Qf7 25. Rf2 Rc8 1/2-1/2

[Event "Catalunya-chT"]
[Site "Catalunya"]
[Date "1996.??.??"]
[Round "?"]
[White "Formanek, Edward W"]
[Black "Ochoa de Echaguen, Francisco Javier"]
[Result "1/2-1/2"]
[WhiteElo "2355"]
[BlackElo "2410"]
[PlyCount "43"]
[EventDate "1996.??.??"]
[EventType "team"]
[EventRounds "9"]
[EventCountry "ESP"]
[SourceTitle "EXT 1999"]
[Source "ChessBase"]
[SourceDate "1998.11.16"]
[SourceVersion "1"]
[SourceVersionDate "1998.11.16"]
[SourceQuality "1"]

1. d4 f5 2. g3 Nf6 3. Bg2 g6 4. Nf3 Bg7 5. 0-0 0-0 6. Qd3 d6 7. Nc3 Nc6 8. e4 fxe4 9. Nxe4 Nxe4 10. Qxe4 Bf5 11. Qh4 e6 12. Bg5 Qd7 13. c3 Rae8 14. Rfe1 Nd8 15. g4 Bd3 16. Bxd8 Rxd8 17. Rxe6 h6 18. Re7 g5 19. Rxd7 gxh4 20. Rxd8 Rxd8 21. Nxh4 Bf6 22. Nf3 1/2-1/2

[Event "Barcelona op"]
[Site "Barcelona"]
[Date "1996.??.??"]
[Round "?"]
[White "Garcia Ilundain, David"]
[Black "Ochoa de Echaguen, Francisco Javier"]
[Result "1-0"]
[WhiteElo "2550"]
[BlackElo "2410"]
[PlyCount "61"]
[EventDate "1996.??.??"]
[EventType "swiss"]
[EventRounds "5"]
[EventCountry "ESP"]
[SourceTitle "EXT 1999"]
[Source "ChessBase"]
[SourceDate "1998.11.16"]
[SourceVersion "1"]
[SourceVersionDate "1998.11.16"]
[SourceQuality "1"]

1. d4 f5 2. g3 Nf6 3. Bg2 g6 4. Nf3 Bg7 5. 0-0 0-0 6. c4 d6 7. Nc3 c6 8. b3 Na6 9. Bb2 Bd7 10. d5 Nc7 11. dxc6 Bxc6 12. Qd2 a6 13. Rad1 Qe8 14. a4 Rc8 15. a5 h6 16. Na2 g5 17. Nb4 Be4 18. Nd4 e5 19. f3 exd4 20. fxe4 Nxe4 21. Bxe4 Qxe4 22. Bxd4 Be5 23. Bxe5 dxe5 24. Qd6 Rf7 25. Qg6+ Rg7 26. Qxf5 Qe3+ 27. Kh1 Re8 28. Rd6 Qxb3 29. Rxh6 Qxc4 30. Qh3 Qe4+ 31. Kg1 1-0

[Event "Pamplona op"]
[Site "Pamplona"]
[Date "1996.??.??"]
[Round "?"]
[White "Ochoa de Echaguen, Francisco Javier"]
[Black "Iruzubieta Villaluenga, Jesus Maria"]
[Result "1-0"]
[WhiteElo "2410"]
[BlackElo "2400"]
[PlyCount "89"]
[EventDate "1996.??.??"]
[EventType "swiss"]
[EventRounds "9"]
[EventCountry "ESP"]
[SourceTitle "EXT 2000"]
[Source "ChessBase"]
[SourceDate "1999.11.16"]
[SourceVersion "1"]
[SourceVersionDate "1999.11.16"]
[SourceQuality "1"]

1. e4 Nf6 2. Nc3 d5 3. e5 d4 4. Nce2 Ne4 5. c3 Nc6 6. Nf3 Bg4 7. Nexd4 Nxe5 8. Qe2 Qd5 9. Qb5+ Qxb5 10. Bxb5+ Nd7 11. Ne5 Nef6 12. Nxg4 Nxg4 13. Be2 Ngf6 14. Nb5 Nd5 15. Bf3 N7b6 16. a4 a6 17. Na3 c6 18. a5 Nd7 19. d4 e5 20. dxe5 Nxe5 21. Bxd5 cxd5 22. Nc2 Bc5 23. Be3 Bxe3 24. Nxe3 0-0-0 25. 0-0-0 Nc6 26. b4 d4 27. cxd4 Nxd4 28. Kb2 Rhe8 29. Rd3 Nc6 30. Rxd8+ Rxd8 31. Kc3 Nd4 32. Kc4 Nb5 33. Rd1 Rxd1 34. Nxd1 Nc7 35. Kc5 Ne6+ 36. Kb6 Nf4 37. Ne3 Nd3 38. Nf5 Nxf2 39. Nd6+ Kb8 40. Nxb7 Nd3 41. Nc5 Nxb4 42. Nxa6+ Nxa6 43. Kxa6 h5 44. Kb6 h4 45. h3 1-0

[Event "Barcelona op"]
[Site "Barcelona"]
[Date "1996.??.??"]
[Round "?"]
[White "Rodriguez Vargas, Orestes"]
[Black "Ochoa de Echaguen, Francisco Javier"]
[Result "1/2-1/2"]
[WhiteElo "2405"]
[BlackElo "2410"]
[PlyCount "70"]
[EventDate "1996.??.??"]
[EventType "swiss"]
[EventRounds "5"]
[EventCountry "ESP"]
[SourceTitle "EXT 1999"]
[Source "ChessBase"]
[SourceDate "1998.11.16"]
[SourceVersion "1"]
[SourceVersionDate "1998.11.16"]
[SourceQuality "1"]

1. d4 f5 2. Bg5 c6 3. Nd2 g6 4. e4 fxe4 5. Nxe4 Nf6 6. Nxf6+ exf6 7. Bf4 Qe7+ 8. Qe2 Qxe2+ 9. Bxe2 d5 10. Bd3 Bg7 11. Ne2 Kf7 12. h4 h5 13. Kd2 Nd7 14. f3 Nf8 15. Rag1 Ne6 16. Be3 Bh6 17. Bxh6 Rxh6 18. g4 Bd7 19. gxh5 gxh5 20. Rg3 Rg8 21. Ke3 Rxg3 22. Nxg3 Rh8 23. Nf5 Nd8 24. Rg1 Re8+ 25. Kf2 Bxf5 26. Bxf5 Rg8 27. Re1 Rg7 28. c3 a5 29. a4 Kf8 30. Re3 Kf7 31. Bd7 Rg8 32. b4 axb4 33. cxb4 Rf8 34. a5 Kg6 35. Re7 f5 1/2-1/2

[Event "Barcelona"]
[Site "Barcelona"]
[Date "1996.??.??"]
[Round "4"]
[White "Vehi Bach, Victor Manuel"]
[Black "Ochoa de Echaguen, Francisco Javier"]
[Result "1/2-1/2"]
[WhiteElo "2390"]
[BlackElo "2410"]
[PlyCount "104"]
[EventDate "1996.??.??"]
[EventType "tourn"]
[EventRounds "11"]
[EventCountry "ESP"]
[SourceTitle "EXT 1999"]
[Source "ChessBase"]
[SourceDate "1998.11.16"]
[SourceVersion "1"]
[SourceVersionDate "1998.11.16"]
[SourceQuality "1"]

1. c4 Nf6 2. Nc3 c6 3. e4 d5 4. exd5 cxd5 5. d4 e6 6. Nf3 Bb4 7. cxd5 Nxd5 8. Bd2 Nc6 9. Bd3 0-0 10. 0-0 Be7 11. Rc1 Bf6 12. Be3 Nxe3 13. fxe3 g6 14. a3 Bg7 15. Qe2 Qe7 16. Rfd1 Rd8 17. Bb5 Bd7 18. Ne4 Be8 19. Nc5 Rac8 20. b4 a5 21. Nxb7 Nxd4 22. exd4 Rxc1 23. Rxc1 Qxb7 24. Bxe8 Rxe8 25. b5 Rd8 26. Qc4 Qb6 27. Qc5 Bxd4+ 28. Nxd4 Qxc5 29. Rxc5 Rxd4 30. Rc1 Rd3 31. Rb1 a4 32. Rb4 Kg7 33. Rxa4 Rb3 34. Ra5 Kf6 35. a4 Ke5 36. Ra7 f5 37. Rxh7 Kf4 38. Rh4+ Ke5 39. Rc4 Kd5 40. Rc1 Ra3 41. Rd1+ Ke5 42. Re1+ Kd5 43. Rb1 Rxa4 44. b6 Ra8 45. b7 Rb8 46. Rb6 e5 47. Kf2 Kc5 48. Re6 Rxb7 49. Rxe5+ Kd4 50. Re8 g5 51. h3 Rb2+ 52. Kg1 Rb3 1/2-1/2

[Event "Catania op"]
[Site "Catania"]
[Date "1995.??.??"]
[Round "4"]
[White "Bellomo, Francesco"]
[Black "Ochoa de Echaguen, Francisco Javier"]
[Result "1/2-1/2"]
[WhiteElo "2360"]
[BlackElo "2455"]
[PlyCount "33"]
[EventDate "1995.08.??"]
[EventType "swiss"]
[EventRounds "9"]
[EventCountry "ITA"]
[SourceTitle "EXT 1998"]
[Source "ChessBase"]
[SourceDate "1997.11.17"]
[SourceVersion "1"]
[SourceVersionDate "1997.11.17"]
[SourceQuality "1"]

1. Nf3 f5 2. g3 Nf6 3. Bg2 g6 4. 0-0 Bg7 5. d3 d6 6. c4 0-0 7. Nc3 Nc6 8. Rb1 a5 9. a3 Nh5 10. e3 e5 11. Nd5 Ne7 12. b4 axb4 13. axb4 c6 14. Nxe7+ Qxe7 15. b5 c5 16. Bb2 Be6 17. Nd2 1/2-1/2